000 03257cam a22004937i 4500
999 _c128519
_d128519
001 19135776
003 ARRUPE
005 20181108114050.0
008 160614t20162015nyua 001 0 eng d
010 _a 2016304894
020 _a9780399184413 (hbk)
020 _a0399184414 (hbk)
035 _a(OCoLC)ocn933728535
040 _aAZZPT
_beng
_cAZZPT
_erda
_dYDXCP
_dBTCTA
_dBDX
_dOCLCQ
_dCO2
_dPX0
_dCGL
_dOCLCQ
_dFM0
_dVP@
_dLIV
_dSFR
_dOVY
_dOCLCF
_dLMR
_dOBE
_dOCLCO
_dNDS
_dDLC
041 1 _aeng
_hita
042 _alccopycat
050 0 0 _aQC24.5
_b.R68313 2016
082 0 4 _a530
_223
100 1 _aRovelli, Carlo,
_d1956-
_eauthor.
_943297
245 1 0 _aSeven brief lessons on physics /
_cCarlo Rovelli ; translated by Simon Carnell and Erica Segre.
260 _aUnited Kingdom
_bPenguin Books
_c2015
300 _a86 pages :
_billustrations ;
_c20 cm
500 _aTranslation from the Italian of: Sette brevi lezioni di fisica.
500 _a"English translation published in Great Britain by Allen Lane, an imprint of Penguin Random House UK"--Title page verso.
500 _aIncludes index.
505 0 _aThe most beautiful of theories -- Quanta -- The architecture of the cosmos -- Particles -- Grains of space -- Probability, time, and the heat of black holes -- Ourselves.
520 _a'Here, on the edge of what we know, in contact with the ocean of the unknown, shines the mystery and the beauty of the world. And it's breathtaking' These seven short, simple lessons guide us through the scientific revolution that shook physics in the twentieth century and still continues to shake us today. Theoretical physicist Carlo Rovelli, a founder of the loop quantum gravity theory. explains Einstein's theory of general relativity, quantum mechanics, black holes, the complex architecture of the universe, elementary particles, gravity, and the nature of the mind. In under eighty pages, readers will understand the most transformative scientific discoveries of the twentieth century and what they mean for us.
650 0 _aPhysics
_vPopular works.
_917841
650 0 _aPhysics
_xHistory
_y20th century.
_943298
700 1 _aCarnell, Simon,
_d1962-
_etranslator.
_943299
700 1 _aSegre, Erica,
_etranslator.
_943300
775 0 8 _iReproduction of (manifestation):
_aRovelli, Carlo, 1956-
_tSeven brief lessons on physics.
_d[London] : Allen Lane, an imprint of Penguin Books, 2015
_z9780241235966
856 4 2 _3Contributor biographical information
_uhttps://www.loc.gov/catdir/enhancements/fy1618/2016304894-b.html
856 4 2 _3Publisher description
_uhttps://www.loc.gov/catdir/enhancements/fy1618/2016304894-d.html
856 4 1 _3Sample text
_uhttps://www.loc.gov/catdir/enhancements/fy1618/2016304894-s.html
906 _a7
_bcbc
_ccopycat
_d2
_encip
_f20
_gy-gencatlg
942 _2lcc
_cMONOGRAPH